000
00322nam a2200133Ia 4500
008
240624s9999 xx 000 0 und d
041
_a
eng
082
_a
158.7 LEW
100
_a
SARAH LEWIS
245
_a
POSITIVE PSYCHOLOGY AT WORK
260
_c
2011
_a
New Delhi
_b
Wiley
300
_a
246 : p. : cm. ; 28
365
_c
_b
28
999
_c
27809
_d
27809